000 01046nas a2200313 4500
001 BR2013006838
003 BR-BrBNA
005 20231205122837.0
007 ta
008 230509b bl.|||p| |||| 00| 00por d
040 _aBR-BrBNA
_bpor
_cBiblioteca Nacional de Agricultura
041 _a(En)
072 _aF02
100 1 _aMazzini, R.B.
100 1 _aPivetta, K.F.L.
100 1 _aRomani, G. de N.
100 1 _aBueno, B.F.
245 1 _aVegetative propagation of Bauhinia x blakeana, an ornamental sterile tree
246 1 _aVegetative propagation of Bauhinia x blakeana, an ornamental sterile tree
650 _aPROPAGAÇÃO VEGETATIVA
650 _aHÍBRIDO
650 _aÁRVORE ORNAMENTAL
650 _aESTERILIDADE
650 _aÁCIDO INDOLBUTÍRICO
773 0 _tRevista Árvore (Brazil)
_xISSN 0100-6762
_g(Mar-Apr 2013), v. 37(2) p. 219-229
_wBR2013006838
856 4 _uhttp://www.scielo.br/pdf/rarv/v37n2/03.pdf
_yRecurso eletrônico (PDF)
909 _a202311
_bLúcia
_c55
_dLúcia Elande
942 _2AGRIS
_n0
_cANA
999 _c230871
_d230871